| 000 | 00470nam a2200181Ia 4500 | ||
|---|---|---|---|
| 001 | 9607 | ||
| 005 | 20260306161731.0 | ||
| 008 | 260306t2009||||xx |||||||||||||| ||spa|| | ||
| 041 | _aESP | ||
| 082 |
_a382.60985 _bA69 |
||
| 100 |
_aAraujo Mattos, Cintya Sharon _eAUT |
||
| 245 | 0 | _aIngeniería de la exportación y medios internacionales de pago | |
| 260 | _c2009 | ||
| 300 |
_a342 páginas : _c24 cm. |
||
| 650 | _aGEN | ||
| 654 | _aCAN | ||
| 942 |
_cLIB _dJUS _fJUS _2ddc _n |
||
| 999 |
_c9607 _d9607 |
||